000 00657nam a2200241Ia 4500
005 20250425161932.0
008 250425s9999 xx 000 0 und d
020 _a032100194X
041 _aeng
082 _a658.802
100 _aLILIEN, GARY L
245 0 _aMARKETING ENGINEERING: COMPUTER-ASSISTED MARKETING ANALYSIS AND PLANNNIG
250 _aS.E.
260 _aEstados Unidos
_bADDISON - WESLEY EDUCATIONSAL PUBLISHERS
_c1998
260 _aS.L.
300 _a350
650 _aDATOS-PROCEDIMIENTOS
650 _aMARKETING
650 _aMODELOS MATEMATICOS-INGENIERIA
650 _aTOMA DE DECISIONES
942 _c01
010 _a35478
999 _c219178
_d219178